000 00557nmm a2200229 a 4500
003 AR-BaBNM
005 20251128211403.0
008 164020s1999 ||||||||||||||000 | spa||
020 _a987-9243-20-X
040 _cAR-BaBNM
100 1 _aSiscar, Cristina
245 1 0 _aLa sombra del jardín
260 _aBuenos Aires
_bEdiciones Simurg
_c1999
300 _a150 p.
650 4 _aLITERATURA ARGENTINA
650 4 _aLITERATURA CONTEMPORANEA
650 4 _aNOVELAS
653 _aNARRATIVA
655 _aLITERATURA
942 _cBK
998 _cmartin
999 _c19464
_d19464